| 000 | 00437nam a2200193Ia 4500 | ||
|---|---|---|---|
| 008 | 210210b1948 xxu||||| |||| 00| 0 eng d | ||
| 041 | _aeng | ||
| 082 | _a370/46 | ||
| 100 | _aLIVINGSTONE (R) | ||
| 245 | _aSome thoughts on university education | ||
| 260 |
_aLondon _b- _c1948 |
||
| 650 | _auniversity | ||
| 650 | _athoughts | ||
| 650 | _aSome | ||
| 650 | _aon | ||
| 650 | _aeducation | ||
| 690 | _aEducation | ||
| 906 | _a004986 | ||
| 999 |
_c128669 _d128669 |
||